000
00313nam a22001457a 4500
008
230418b ||||| |||| 00| 0 eng d
020
_a
2900452274142
041
_a
eng
080
_a
618
082
_a
618DUM
100
_a
15
101
_a
GJINE
245
_a
OUR STOLEN FUTURE
_c
DUMANOSKI.D
942
_2
udc
_c
BK
999
_c
59581
_d
59581